Normale Ansicht MARC-Ansicht ISBD

1931 : (Titelsatznr. 28334)

[ MARC ]
MARC-Details
000 -Satzkennung
Kontrollfeld mit fester Länge 00789nam a22002411c 4500
001 - Kontrollnummer
Kontrollfeld a987692184
008 - Feld mit fester Länge zur physischen Beschreibung - Allgemeine Angaben
Kontrollfeld mit fester Länge 190610s2019 gw |||| 000u eng d
020 ## - Internationale Standardbuchnummer
Internationale Standardbuchnummer 9780192548122
Verknüpfung 978-0-19-254812-2
041 ## - Sprachcode
Sprachcode des Textes/der Tonspur oder des separaten Titels eng
040 ## - Katalogisierungsquelle
Übertragungsstelle RU-10907106
003 - Kontrollnummer Identifier
Kontrollfeld RU-10907106
100 1# - Haupteintragung - Personenname
Personenname Straumann, Tobias
245 00 - Titel
Titel 1931 :
Zusatz zum Titel Debt, Crisis, and the Rise of Hitler
264 ## - Produktion, Veröffentlichung, Distribution, Herstellung und Urheberrechtsvermerk
Herstellungs-, Veröffentlichungs- Vertriebs-, Erzeugungsort Oxford :
Produzent, Herausgeber, Distributor, Hersteller Oxford University Press,
Datum der Herstellung, der Veröffentlichung, des Vertriebs oder des Urheberschutzvermerks 2019
300 ## - Physische Beschreibung
Umfang 267 Seiten
336 ## - Inhaltstyp
Inhaltstypterm Text
Inhaltstypcode txt
Quelle rdacontent
337 ## - Medientyp
Bezeichnung des Medientyps Computermedien
Medientypcode c
Quelle rdamedia
338 ## - Datenträgertyp
Datenträgertypbezeichnung Online-Ressource
Datenträgertypcode cr
Quelle rdacarrier
500 ## - Allgemeine Fußnote
Allgemeine Fußnote E-Book-ProQuest / Fernzugriff nach Registrierung möglich
655 #0 - Indexierungsterm - Genre/Form
Genre/Form oder fokussierter Term Fernzugriff
856 4# - Elektronische Adresse und Zugriff
URL <a href="https://ebookcentral.proquest.com/lib/maxweberstiftung-ebooks/detail.action?docID=5717512">https://ebookcentral.proquest.com/lib/maxweberstiftung-ebooks/detail.action?docID=5717512</a>
942 ## - Zusätzliche Felder (Koha)
Koha-Medientyp E-Books
Exemplare
Ausgeschieden Verloren Beschädigt Nicht entleihbar Heimatbibliothek Aufenthaltsbibliothek Aufstellungsort Erwerbungsdatum Inventarnummer Signatur Barcode Letzte Aktivität Preis gültig von Koha-Medientyp
        MWN Osteuropa MWN Osteuropa Online-Ressource 10/06/2019 19-e00336 E-19-e00336 | D 51 d Stra 28338 18/03/2021 22/03/2021 E-Books